On the new world Chalcididae (Hymenoptera) (Registro nro. 5814)

Detalles MARC
000 -CABECERA
Campo de control 00467nam a2200169 a 4500
020 ## - ISBN
ISBN 1566650534
090 ## - CLASIFICACIÓN LOCAL
Colección LB
Consecutivo 05057
041 ## - IDIOMA
Código de idioma para texto/pista de sonido o título separado Inglés
100 ## - ASIENTO PRINCIPAL--NOMBRE PERSONAL
Nombre personal Delvare, G.
245 ## - MENCION DE TITULO
Título On the new world Chalcididae (Hymenoptera)
260 ## - PUBLICACION, DISTRIBUCION, ETC. (PIE DE IMPRENTA)
Lugar de publicación, distribución, etc. Florida
Nombre del editor, distribuidor, etc. American Entomological Institute
Fecha de publicación, distribución, etc. 1992
300 ## - DESCRIPCION FISICA
Extensión 466 p.
700 ## - ASIENTO SECUNDARIO - NOMBRE PERSONAL
Nombre personal Boucek, Z.
942 ## - ELEMENTOS ADICIONALES (KOHA)
Tipo de ítem
945 ## - PROCESAMIENTO LOCAL
AAAA-MM-DD - Fecha de ingreso o modificacion 2007-09-17
Existencias
Withdrawn status Lost status Damaged status No para préstamo Colección Inventariado Ubicación Permanente Ubicación actual Fecha de adquisición Fuente de Valor Valor Total Checkouts Número topográfico Inventario / Código de Barras Date last seen Ejemplar Price effective from Forma de adquisición Tipo de material
        Entomología Inventariado 2017 Villa de Leyva Villa de Leyva 17/09/2007 Instituto 39000.00   LB-05057 025206 04/12/2012 Ej.1 04/12/2012   Libro